000 00739nam a22002057a 4500
005 20100806154752.0
010 _aENG-98734
020 _a9788173872235
_c600.00
035 _aENG-82266
037 _bDBAD/PUB
082 _a954.52
100 _aHanda, O.C.
_98435
245 _aKinnaur :
_bunfolding exotic Himalayan land /
_cby O.C. Handa
260 _aNew Delhi
_bIndus Publishing
_c2009
270 _aFS-5, Tagore Garden,
_bNew Delhi
_e110027
300 _a320p.
_c22cm (Hb)
500 _aIncludes bibliographical references and index
942 _2ddc
_cEN
_h954.52
_mHAN
999 _c39895
_d39895